00896cam a22002411 450000100060000000300080000600500170001400800380003103500190006904000310008804100080011908200260012724501200015326000270027330000260030049000520032665000460037870000380042470000260046294200120048899900170050095201370051730869BD-RjUL20211209051628.0140412m1946 nyu e 000 0 eng  a(BD-RjUL)30956 aDLC/ICUcICUdBD-RjULbeng aeng00a547.03bELS V-13 194600aElsevier's encylcopedia of organic chemistry /ced. by E. Joesphy and F. Radt.nVOLUME 13.pTRICYCLIC COMPOUNDS . aNew York [etc.]c 1946 axx ,1265 p. :c26 cm. aCARBOISOCYLIC CONDENSED COMPOUNDS.vSeries lll. 0aChemistry, OrganicxEncyclopedias.9922551 aJosephy, E.q(Edith),eed.9926021 aRadt, F.,eed.992256 2ddccBK c30869d30869 00102ddc40718NFICaRUCLbRUCLcReadingd1963-11-08eZitlingerl0o547.03 ELS V-13 1946r2014-04-12 00:00:00tC-1w2014-04-12yBK